[Event "EU-chT (Men)"]
[Site "Pula"]
[Date "1997.??.??"]
[Round "7"]
[White "Krakops, Maris"]
[Black "Hulak, Krunoslav"]
[Result "1/2-1/2"]
[WhiteElo "2440"]
[BlackElo "2525"]

1.e4 c5 2.Nf3 e6 3.d4 cxd4 4.Nxd4 a6 5.Nc3 d6 6.Be2 Qc7 7.Be3 Nc6 8.Qd2 Rb8
9.f4 Nf6 10.O-O-O Be7 11.g4 b5 12.g5 Nd7 13.Nxc6 Qxc6 14.Bf3 O-O 15.Kb1 Nc5
16.Qg2 Bb7 17.Rhf1 Qc7 18.f5 b4 19.Ne2 Rfc8 20.Nd4 e5 21.Nb3 Na4 22.f6 Bf8
23.fxg7 Bxg7 24.Bg4 Nxb2 25.Kxb2 Qc3+ 26.Kb1 Qxe3 27.Bxc8 Rxc8 28.Rde1 Qc3
29.Qf2 Qc7 30.Re3 Bc6 31.Qf5 Bb5 32.Rf2 Qd7 33.Qxd7 Bxd7 34.Rd2 Bf8 35.Kb2 Bb5
36.c3 Rc4 37.cxb4 Rxb4 38.Rc2 Bd7 39.Rc7 Be6 40.Ra7 Ra4 41.Ra8 Kg7 42.Re8 Bd7
43.Rb8 Be6 44.Re8 Bc4 45.h4 Bb5 46.Rc8 d5 47.exd5 Ba3+ 48.Kc2 Rxh4 49.Nc5 Bb4
50.Kb3 Bd2 51.Rxe5 Rh3+ 52.Kc2 Rh2 53.Kd1 Bf4 54.Re4 Bxg5 55.Rd4 Be2+ 56.Ke1 Bf6
57.Nb3 Bxd4 58.Nxd4 Bg4 59.Ra8 Rxa2 60.d6 Ra4 61.Nc6 Ra1+ 62.Kf2 Rd1 63.Ne5 Be6
64.Rxa6 Rd5 65.Nf3 Bg4 66.Ke3 h5 67.Nd4 f5 68.Ne6+ Kf7 69.Ng5+ Kf6 70.Nh7+ Ke5
71.Ng5 f4+ 72.Kf2 Rd2+ 73.Ke1 Rd1+ 74.Kf2 h4 75.Nf3+ Bxf3 76.Kxf3 h3 77.Ra5+ Kxd6
78.Rh5 Rf1+ 79.Ke4 f3 80.Rxh3 f2 81.Kf3  1/2-1/2

[Event "Pula op"]
[Site "Pula"]
[Date "1997.??.??"]
[Round "8"]
[White "Balinov, Ilija"]
[Black "Movsesian, Sergei"]
[Result "0-1"]
[WhiteElo "2570"]
[BlackElo "2630"]

1.e4 c5 2.Nf3 e6 3.d4 cxd4 4.Nxd4 a6 5.Nc3 b5 6.Bd3 Bb7 7.O-O Qc7 8.Re1 Nf6
9.e5 Nd5 10.Bd2 Nxc3 11.Bxc3 Nc6 12.a3 Qb6 13.Nxc6 Bxc6 14.Qg4 Bc5 15.Re2 h5
16.Qf4 a5 17.Rb1 b4 18.axb4 axb4 19.Bd2 Be7 20.Be4 Rc8 21.c3 b3 22.Qg3 g6
23.h4 Qb5 24.Rbe1 Ra8 25.Bd3 Qa4 26.c4 Qa7 27.Be3 Qa5 28.Bg5 Qd8 29.Bxe7 Qxe7
30.Be4 O-O 31.Re3 Rab8 32.Bxc6 dxc6 33.Rxb3 Rxb3 34.Qxb3 Qxh4 35.Rd1 Qe4
36.Qc3 c5 37.Re1 Qb7 38.Qa5 Rc8 39.Re2 Kg7 40.Qd2 Qb3 41.Qc2 Qb8 42.f4 Qa7
43.Qd3 Qa1+ 44.Kh2 Qc1 45.Rf2 Ra8 46.Qc2 Qe3 47.Rf3 Qd4 48.Qf2 Qxc4 49.Rc3 Qb4
50.Rxc5 Ra4 51.g3 Ra1 52.Rc2 Rb1 53.Qd2 Qb3 54.Qg2 Qa4 55.Rf2 Qb4 56.Kh3 Rd1
57.Kh2 Rd3 58.Rf3 Rxf3 59.Qxf3 Qxb2+ 60.Kh3 Qc1 61.Kh2 Qd2+ 62.Kh3 Qd5 63.Qf1 g5
64.g4 gxf4 65.Qxf4 Qh1+ 66.Kg3 Qg1+ 67.Kf3 Qxg4+ 68.Qxg4+ hxg4+ 69.Kxg4 Kg6  0-1

[Event "Olicio Gadia mem"]
[Site "Rio de Janeiro"]
[Date "1997.??.??"]
[Round "3"]
[White "Toth, Peter"]
[Black "Lebredo, Gerardo"]
[Result "1/2-1/2"]
[WhiteElo "2215"]
[BlackElo "2320"]

1.e4 c5 2.Nf3 e6 3.d4 cxd4 4.Nxd4 a6 5.Nc3 Qc7 6.Be3 Bb4 7.Qd2 Nf6 8.Bd3 d5
9.exd5 Nxd5 10.Nde2 Nxe3 11.Qxe3 Nd7 12.Qd4 Bxc3+ 13.Qxc3 Qxc3+ 14.Nxc3 Ne5
15.O-O-O Bd7 16.Be4  1/2-1/2

[Event "WchT U26"]
[Site "Roque Saenz Pena"]
[Date "1997.??.??"]
[Round "6"]
[White "Mosquera, Miguel"]
[Black "Esplana, Christian"]
[Result "1-0"]
[WhiteElo "2310"]
[BlackElo "2055"]

1.e4 c5 2.Nf3 e6 3.d4 cxd4 4.Nxd4 a6 5.Nc3 Qc7 6.g3 Nf6 7.Bg2 Be7 8.O-O d6
9.Re1 Nc6 10.Nxc6 bxc6 11.e5 dxe5 12.Rxe5 O-O 13.Bf4 Bd6 14.Rxe6 Bxf4 15.Rxc6 Rb8
16.Rxc7 Bxc7 17.Nd5 Nxd5 18.Bxd5 Rxb2 19.Rb1 Bg4 20.f3 Rxb1 21.Qxb1 Bh3 22.Qb7 Be5
23.Kf2 a5 24.Bxf7+ Rxf7 25.Qa8+ Rf8 26.Qd5+ Kh8 27.Qxe5 Rc8 28.c4 h6 29.g4  1-0

[Event "WchT U26"]
[Site "Roque Saenz Pena"]
[Date "1997.??.??"]
[Round "7"]
[White "Renteria, Jorge"]
[Black "Bakhtadze, Giorgi"]
[Result "1/2-1/2"]
[WhiteElo "2215"]
[BlackElo "2365"]

1.e4 c5 2.Nf3 e6 3.d4 cxd4 4.Nxd4 a6 5.Nc3 Qc7 6.g3 Nf6 7.Bg2 Be7 8.O-O Nc6
9.Re1 Nxd4 10.Qxd4 d6 11.e5 dxe5 12.Qxe5 Bd6 13.Qe2 O-O 14.Ne4 Nxe4 15.Qxe4 f5
16.Qe2 Bd7 17.c4 e5 18.b3 e4 19.Be3 Rae8 20.Rad1 Bc6 21.Qd2 Re6 22.c5 Be5
23.Bd4 Bf6 24.Bxf6 Rexf6 25.Qd4 h5 26.Qb4 h4 27.Rd6 hxg3 28.hxg3 f4 29.gxf4 Rxf4
30.Qc4+ Kh8 31.Re3 Qe7 32.Rh3+ Rh4 33.Re6 Qd8 34.Rd6 Qe7 35.Re6 Qd8 36.Rd6 Qg5
37.Rg6 Qd8 38.Rxh4+ Qxh4 39.Rg3 Bd7 40.Qxe4 Qf6 41.Rf3 Qa1+ 42.Kh2 Rxf3 43.Bxf3 Qf6
44.Qxb7 Qh6+ 45.Kg1 Qc1+ 46.Kh2 Qh6+  1/2-1/2

[Event "WchT U26"]
[Site "Roque Saenz Pena"]
[Date "1997.??.??"]
[Round "8"]
[White "Iturri, Milton"]
[Black "Kacheishvili, Giorgi"]
[Result "1/2-1/2"]
[WhiteElo "2180"]
[BlackElo "2550"]

1.e4 c5 2.Nf3 e6 3.d4 cxd4 4.Nxd4 a6 5.Nc3 Qc7 6.g3 Bb4 7.Ne2 Nf6 8.Bg2 Be7
9.O-O O-O 10.h3 Nc6 11.f4 Rd8 12.Be3 d5 13.exd5 Nb4 14.Bf2 Nfxd5 15.Nxd5 Nxd5
16.Nd4 b5 17.c3 Bb7 18.Qe2 Bf6 19.a3 e5 20.fxe5 Bxe5 21.Qd3 h5 22.h4 Rd6
23.Rae1 Rg6 24.Ne2 Rd8 25.Rd1 Rdd6 26.Qf5 Rdf6 27.Qxh5 Rxf2 28.Rxf2 Ne3 29.Rd3 Nxg2
30.Rxg2 Be4 31.Rf3 Qa7+ 32.Rgf2 Bxf3 33.Qxf3 Rf6 34.Nf4 Bxf4 35.gxf4 Rg6+
36.Kh2 Qe7 37.Kh3 Re6 38.Qg4 Re1 39.Kh2 Re4 40.Rg2 Qf6 41.Rf2 a5 42.Qg5 Qd6
43.Qxb5 Rxf4 44.Rxf4 Qxf4+ 45.Kh3 a4 46.c4 Qf3+ 47.Kh2 f5 48.Qxa4 f4 49.Qe8+ Kh7
50.Qe1 Qd3  1/2-1/2

[Event "WchT U26"]
[Site "Roque Saenz Pena"]
[Date "1997.??.??"]
[Round "9"]
[White "Hernandez, Alexander"]
[Black "Jodorcovsky, Paulo"]
[Result "1/2-1/2"]
[WhiteElo "2260"]
[BlackElo "2295"]

1.e4 c5 2.Nf3 e6 3.d4 cxd4 4.Nxd4 a6 5.Nc3 Qc7 6.g3 Bb4 7.Ne2 Nf6 8.Bg2 Be7
9.a4 Nc6 10.O-O O-O 11.h3 d6 12.f4 Re8 13.g4 Rb8 14.Ng3 b5 15.axb5 axb5 16.g5 Nd7
17.f5 g6 18.fxe6 fxe6 19.Be3 Nde5 20.Qe2 b4 21.Nb5 Qb7 22.Na7 Bd7 23.Nxc6 Qxc6
24.h4 Rbc8 25.Rf2 Qc4 26.Qxc4 Rxc4 27.Bf1 Rc7 28.Bd4 Rf8 29.Rxf8+ Bxf8 30.Bxe5 dxe5
31.Bd3 Bc5+ 32.Kg2 Bd4 33.Ra8+ Kg7 34.b3 h6 35.gxh6+ Kxh6 36.Rh8+ Kg7 37.Rb8 Bc5
38.Ne2 Be7 39.Ng1 Bd6 40.Rb6 Rc6 41.Rb7 Rc7 42.Rb6  1/2-1/2

[Event "Bayern-ch Seniors op"]
[Site "Schloss Schney"]
[Date "1997.??.??"]
[Round "6"]
[White "Ludwig, Karl Heinz"]
[Black "Polk, Maria"]
[Result "1-0"]
[WhiteElo "1232"]
[BlackElo "1170"]

1.e4 c5 2.Nf3 e6 3.d4 cxd4 4.Nxd4 a6 5.Nc3 Be7 6.Bd3 d5 7.Be3 dxe4 8.Bxe4 Nf6
9.Qf3 Nxe4 10.Qxe4 Nd7 11.Nb3 O-O 12.O-O Nf6 13.Rad1 Qe8 14.Qf3 h6 15.Na5 Bd7
16.Nxb7 Bc6 17.Qg3 Nh5 18.Qe5 Nf6 19.Nd6 Bxd6 20.Rxd6 Bd7 21.h3 Qe7 22.Rfd1 Ra7
23.Bc5 Raa8 24.Rxa6 Qd8 25.Rxa8 Qxa8 26.Bxf8 Kxf8 27.f4 Bc6 28.Qd6+ Ke8 29.Qd2 Qb7
30.b3 Nd7 31.Qf2 Qc7 32.Qd4 Qb7 33.Rd2 g6 34.Qh8+ Ke7 35.Qxh6 Qc7 36.Rf2 Qa5
37.Qg5+ Qxg5 38.fxg5 f5 39.h4 Kf7 40.Rf4 Bb7 41.Nb5 Ke7 42.a4 Nb6 43.a5 Nd5
44.Rc4 Kd7 45.h5 gxh5 46.g6 Ke7 47.Rh4 Nf6 48.Nc7 Kf8 49.a6 Bc6 50.a7 Kg7
51.a8=Q Bxa8 52.Nxa8 Kxg6 53.Rd4 Kg5 54.Nc7 e5 55.Ne6+ Kg6 56.Rd2 Ne4 57.Re2 Kf6
58.Nc7 Kg5 59.b4 Kf4 60.b5 Nc3 61.Rd2 Na4 62.c4 Nc5 63.Nd5+ Ke4 64.b6 Nb7
65.Nf6+ Ke3 66.Rd7 Nc5 67.Rd5 Nb7 68.Rxe5+ Kd4 69.Re7 Nc5 70.b7 Na6 71.Nd7 Kxc4
72.b8=Q Nxb8 73.Nxb8  1-0

[Event "Schwaebisch Gmuend op"]
[Site "Schwaebisch Gmuend"]
[Date "1997.??.??"]
[Round "8"]
[White "Lindoerfer, Klaus"]
[Black "Weiss, A."]
[Result "1-0"]
[WhiteElo "2270"]
[BlackElo "2170"]

1.e4 c5 2.Nf3 e6 3.d4 cxd4 4.Nxd4 a6 5.Nc3 Qc7 6.g3 Nc6 7.Bg2 Nf6 8.O-O Bb4
9.Nde2 Be7 10.h3 d6 11.Be3 O-O 12.f4 Bd7 13.Qe1 Rab8 14.g4 Rfc8 15.g5 Ne8
16.Qf2 Bd8 17.f5 Ne5 18.Nd4 Be7 19.fxe6 fxe6 20.Nf3 Nf7 21.Bb6 Qc4 22.Nd2 Qxf1+
23.Rxf1 Nh8 24.h4 Nc7 25.Bh3 Na8 26.Nd5  1-0

[Event "Seefeld op"]
[Site "Seefeld"]
[Date "1997.??.??"]
[Round "?"]
[White "Lawitsch, Guenther"]
[Black "Pilz, Dieter"]
[Result "1/2-1/2"]
[WhiteElo "2300"]
[BlackElo "2250"]

1.e4 c5 2.Nf3 e6 3.d4 cxd4 4.Nxd4 a6 5.Nc3 d6 6.Be3 Nf6 7.Be2 Nbd7 8.f4 g6
9.O-O Bg7 10.Nb3 Qc7 11.a4  1/2-1/2

[Event "Seversk"]
[Site "Seversk"]
[Date "1997.??.??"]
[Round "2"]
[White "Frolov, Denis"]
[Black "Peregudov, Nickolai"]
[Result "0-1"]
[WhiteElo "2330"]
[BlackElo "2350"]

1.e4 c5 2.Nf3 e6 3.d4 cxd4 4.Nxd4 a6 5.Nc3 Qc7 6.Bd3 Nf6 7.O-O Nc6 8.Be3 Be7
9.f4 Bc5 10.Nf5 Qa5 11.Nxg7+ Kf8 12.Bxc5+ Qxc5+ 13.Kh1 Kxg7 14.e5 Ne8 15.Qh5 d5
16.f5 h6 17.Qg4+ Kf8 18.fxe6 Nd8 19.Bf5 h5 20.Qh3 Ng7 21.e7+ Kxe7 22.Qh4+ Ke8
23.Qf6 Nxf5 24.Qxh8+ Qf8 25.Qf6 Ne7 26.Na4 Be6 27.Nb6 Rb8 28.Rad1 Ndc6 29.Qf2 Rd8
30.Na4 Qg7 31.Nc5 Bc8 32.Nd3 Qh7 33.Qf6 h4 34.Nf4 h3 35.Nxh3 Bxh3 36.gxh3 Qe4+
37.Qf3 Nxe5 38.Qg2 Qxg2+ 39.Kxg2 Rd6 40.Rfe1 Rg6+ 41.Kh1 f6 42.Rg1 Rh6 43.Rg3 Kd7
44.Rb3 Kc7 45.Rc3+ N5c6 46.Kg2 Kd6 47.a3 b5 48.Rcd3 Ne5 49.Rd4 Nc4  0-1

[Event "Seversk"]
[Site "Seversk"]
[Date "1997.??.??"]
[Round "11"]
[White "Yurtaev, Leonid"]
[Black "Peregudov, Nickolai"]
[Result "1-0"]
[WhiteElo "2495"]
[BlackElo "2350"]

1.e4 c5 2.Nf3 e6 3.d4 cxd4 4.Nxd4 a6 5.Nc3 Qc7 6.a3 Nc6 7.Be2 Nf6 8.Be3 Be7
9.f4 Nxd4 10.Qxd4 d6 11.O-O-O O-O 12.g4 Re8 13.g5 Nd7 14.h4 b5 15.h5 Bf8
16.g6 fxg6 17.hxg6 h6 18.Rhf1 Rb8 19.f5 Ne5 20.Bxh6 Be7 21.Nd5 Qb7 22.f6  1-0

[Event "BUL-ch"]
[Site "Shumen"]
[Date "1997.??.??"]
[Round "2"]
[White "Radulski, Julian"]
[Black "Bratanov, Zsivko"]
[Result "1/2-1/2"]
[WhiteElo "2385"]
[BlackElo "2310"]

1.e4 c5 2.Nc3 e6 3.Nf3 a6 4.d4 cxd4 5.Nxd4 d6 6.g3 b5 7.Bg2 Bb7 8.a3 Nd7
9.O-O Qc7 10.f4 Ngf6 11.h3 Be7 12.Kh1 Rc8 13.g4 Nc5 14.Qe1 Qb8 15.Rf2 Qa8
16.Re2 g6 17.b4 Ncd7 18.Nb3 Bd8 19.Na5 Bxa5 20.bxa5 Rc4 21.Bb2 O-O 22.Rd1 Nc5
23.Qh4 Nfxe4 24.Nxe4 Bxe4 25.Qf6 Bxg2+ 26.Kh2 e5 27.Rxd6 Qf3 28.Bxe5 Qxh3+
29.Kg1 Qh1+ 30.Kf2 Qf1+ 31.Kg3 Qf3+ 32.Kh2 Qh3+ 33.Kg1 Qh1+  1/2-1/2

[Event "RUS-Cup8"]
[Site "Smolensk"]
[Date "1997.??.??"]
[Round "8"]
[White "Yurtaev, Leonid"]
[Black "Landa, Konstantin"]
[Result "0-1"]
[WhiteElo "2495"]
[BlackElo "2570"]

1.e4 c5 2.Nf3 e6 3.d4 cxd4 4.Nxd4 a6 5.Nc3 Qc7 6.a3 Nf6 7.f4 d6 8.g4 e5 9.Nf5 Qc6
10.fxe5 dxe5 11.Qf3 Bxf5 12.Qxf5 Nbd7 13.g5 Nh5 14.Bh3 g6 15.Qf3 Bc5 16.Nd5 Nb6
17.Bg4 Nxd5 18.exd5 Qd6 19.Bxh5 gxh5 20.Bd2 Rd8 21.c4 b5 22.O-O-O bxc4 23.Bc3 O-O
24.Qe4 Rfe8 25.Rhe1 Bd4 26.Bxd4 exd4 27.Qxe8+ Rxe8 28.Rxe8+ Kg7 29.Rxd4 c3
30.Re2 cxb2+ 31.Kxb2 Qb6+ 32.Rb4 Qd6 33.Rd2 h6 34.gxh6+ Qxh6 35.Rbd4 Qd6
36.Ka2 a5 37.h4 Kf8 38.Rc4 Ke8 39.Rdd4 Kd7 40.Kb3 Qg3+ 41.Ka4 Kd6 42.Rc6+ Ke5
43.Rdc4 f5 44.d6 Qd3 45.Rc3 Qd4+ 46.Kxa5 f4 47.Ka6 Ke6 48.Kb7 Kd7 49.R3c4 Qd5
50.Kb6 Qd2 51.R6c5 f3 52.Rxh5 Qb2+ 53.Rb4 Qxa3 54.Rh7+ Kxd6 55.Rh6+ Ke7 56.Re4+ Kf7
57.Rh5 Qb2+ 58.Kc5 Qc3+ 59.Kd5 Qa5+ 60.Kd4 Qxh5 61.Ke3 Qf5  0-1

[Event "POL-ch"]
[Site "Sopot"]
[Date "1997.??.??"]
[Round "1"]
[White "Jaracz, Pawel"]
[Black "Maciejewski, Miroslaw"]
[Result "1/2-1/2"]
[WhiteElo "2445"]
[BlackElo "2355"]

1.e4 c5 2.Nf3 e6 3.Nc3 a6 4.d4 cxd4 5.Nxd4 Nc6 6.Be3 Nf6 7.Bd3 Qc7 8.O-O h5
9.h3 Bd6 10.Be2 Bh2+ 11.Kh1 Bf4 12.Qd2 Bxe3 13.Qxe3 Ng4 14.Bxg4 hxg4 15.Nxc6 bxc6
16.Qg5 gxh3 17.Qxg7 hxg2+ 18.Kxg2 Qh2+ 19.Kf3 a5 20.Ke3 e5 21.Ne2 Qh6+ 22.Qxh6 Rxh6
23.Rh1 Rxh1 24.Rxh1 Ke7 25.f4 Ba6 26.Ng3 Rg8 27.Nf5+ Kf6 28.fxe5+ Kxe5 29.Rh5 Kf6
30.Nd4 Rg5 31.Rh8 Bc4 32.b3 Be6 33.Ra8 Rh5 34.a4  1/2-1/2

[Event "POL-ch"]
[Site "Sopot"]
[Date "1997.??.??"]
[Round "13"]
[White "Maciejewski, Miroslaw"]
[Black "Pedzich, Dominik"]
[Result "1-0"]
[WhiteElo "2355"]
[BlackElo "2465"]

1.e4 c5 2.Nc3 e6 3.Nf3 a6 4.d4 cxd4 5.Nxd4 Qc7 6.Bd3 g6 7.h4 Bg7 8.Nde2 h5
9.Bf4 d6 10.Qd2 Nc6 11.O-O-O Ne5 12.Kb1 Bd7 13.Bg5 Bc6 14.Rh3 Ne7 15.f4 Nxd3
16.Rxd3 f6 17.Nd4 Qc8 18.f5 exf5 19.Nxc6 Nxc6 20.Bf4 O-O 21.Rxd6 fxe4 22.Rd7 Rf7
23.Rxf7 Kxf7 24.Nxe4 Kg8 25.Bh6 Qe6 26.Bxg7 Kxg7 27.Qd7+ Qf7 28.Qxf7+ Kxf7
29.Rd7+ Ke6 30.Rxb7 Rd8 31.c3 Rd1+ 32.Kc2 Rg1 33.Rb6 Rxg2+ 34.Kb3 Kd5 35.Nxf6+ Kc5
36.Nd7+ Kd6 37.Nb8 Kc7 38.Rxc6+ Kxb8 39.Rxa6 Kb7 40.Rf6 Rg4 41.a4 g5 42.hxg5 Rxg5
43.Rh6  1-0

[Event "RUS-Cup01 Chigorin mem"]
[Site "St Petersburg"]
[Date "1997.??.??"]
[Round "7"]
[White "Solozhenkin, Evgeniy"]
[Black "Brodsky, Michail"]
[Result "0-1"]
[WhiteElo "2485"]
[BlackElo "2545"]

1.e4 c5 2.Nf3 e6 3.d4 cxd4 4.Nxd4 a6 5.Nc3 b5 6.Bd3 d6 7.O-O Nf6 8.a4 b4
9.Na2 e5 10.Nf3 Nc6 11.Qe1 Qb6 12.Bd2 a5 13.c3 bxc3 14.Nxc3 Be7 15.Bg5 Be6
16.Bb5 O-O 17.Rd1 Nb4 18.Qe2 h6 19.Bxf6 Bxf6 20.Nd2 d5 21.exd5 Nxd5 22.Nde4 Nxc3
23.Nxf6+ gxf6 24.bxc3 Rfd8 25.Rde1 Rac8 26.Qf3 Kg7 27.Qg3+ Kf8 28.Qh4 Kg7
29.Re3 Bf5 30.Kh1 Rd6 31.Rg3+ Bg6 32.f4 exf4 33.Qxf4 Rc5 34.Qf2 Rxb5  0-1

[Event "SVK-chT 9798"]
[Site "SVK"]
[Date "1997.??.??"]
[Round "1"]
[White "Gazik, Igor"]
[Black "Banas, Jan"]
[Result "1/2-1/2"]
[WhiteElo "2395"]
[BlackElo "2385"]

1.e4 c5 2.Nf3 e6 3.d4 cxd4 4.Nxd4 a6 5.Nc3 b5 6.Bd3 Qb6 7.Be3 Bc5 8.Nce2 Nf6
9.c3 Ng4 10.Bd2 e5 11.b4 Be7 12.h3 Nxf2 13.Kxf2 exd4 14.cxd4 Nc6 15.Rf1 Nxd4
16.Be3 Qf6+ 17.Kg1 Nxe2+ 18.Qxe2 Qe6 19.a4 Bb7 20.axb5 axb5 21.Rxa8+ Bxa8
22.Bxb5 O-O 23.Bd2 Qe5 24.Kh1 Bxe4 25.Bxd7 Qd5 26.Bg4 Rd8 27.Bf3 Bxf3 28.Rxf3 Kf8
29.Bc3 Qd1+ 30.Qf1 f6 31.Qxd1 Rxd1+ 32.Kh2 Rb1 33.g3 Bxb4 34.Bxb4+ Rxb4 35.h4 Kf7
36.Ra3 Kg6 37.Ra7 f5 38.Kg2 Rb3 39.h5+ Kh6 40.Rf7 Rb5 41.Kf3 g5 42.hxg6 hxg6
43.Ra7 Kg5 44.Ra6 Rb3+ 45.Kg2 Kh5 46.Rf6 g5 47.Rxf5 Kg4 48.Rf2 Rxg3+ 49.Kh2 Rf3
50.Ra2 Rf4 51.Kg2  1/2-1/2

[Event "SVK-chT 9697"]
[Site "SVK"]
[Date "1997.??.??"]
[Round "2"]
[White "Blazek, Milos"]
[Black "Ciganikova, Andrea"]
[Result "1/2-1/2"]
[WhiteElo "2105"]
[BlackElo "2105"]

1.e4 c5 2.Nf3 e6 3.d4 cxd4 4.Nxd4 a6 5.Nc3 Qc7 6.Be2 Nf6 7.O-O d6 8.Be3 b5
9.Bf3 Bb7 10.a3 Be7 11.Qe2 O-O 12.Rad1 Nbd7 13.g3 Ne5 14.Bg2 Nc4 15.Bc1 Nxa3
16.f4 Nc4 17.Rf2 b4 18.Na2 a5 19.e5 Nd5 20.b3 Ncb6 21.Nb5 Qc5 22.Nxd6 Bxd6
23.exd6 Rad8 24.f5 exf5 25.Qe5 Qxd6 26.Qxd6 Rxd6 27.c4 bxc3 28.Ba3 Re6 29.Bxf8 Kxf8
30.Rc1 a4 31.Nxc3 axb3 32.Nxd5 Bxd5 33.Bxd5 Nxd5 34.Rb1 g6 35.Rxb3 Re1+ 36.Rf1 Rxf1+
37.Kxf1 Ke7 38.Kf2 f4 39.gxf4 Nxf4 40.Rb6 Ne6 41.Kg3 h6 42.Rb8 Kf6 43.Rb5 Nd4
44.Ra5 Nf5+ 45.Kf4 Ng7 46.Rb5 Ne6+ 47.Ke4 g5 48.Ra5 Ng7 49.Ra6+ Ne6 50.Ra5 Kg6
51.Ra7 f6 52.Ra8 Ng7 53.Ra6 h5 54.Rb6 Nf5 55.Rb8 Nh6 56.Rb2 Ng4 57.h3 Ne5
58.Rb5 Nf7 59.Rb6 Nh6 60.Ra6 Nf5 61.Kf3 Nd4+ 62.Ke4 Ne2 63.Kf3 Nd4+ 64.Ke4 Nf5
65.Kf3 h4 66.Kg4 Nh6+ 67.Kf3 Nf7 68.Ke4 Ne5 69.Ra8 Nf7 70.Ra6 Ne5  1/2-1/2

[Event "SVK-chT2 9697"]
[Site "SVK"]
[Date "1997.??.??"]
[Round "4"]
[White "Pinter, Patrik"]
[Black "Ciganikova, Andrea"]
[Result "0-1"]
[WhiteElo "2110"]
[BlackElo "2115"]

1.e4 c5 2.Nf3 e6 3.d4 cxd4 4.Nxd4 a6 5.Nc3 Qc7 6.Bd3 Nf6 7.O-O Be7 8.Be3 b5
9.f4 Bb7 10.e5 Nd5 11.Nxd5 Bxd5 12.Qe2 Nc6 13.c3 O-O 14.Nb3 d6 15.exd6 Bxd6
16.Nd2 Na5 17.g3 Rfe8 18.Ne4 Be7 19.Qh5 g6 20.Qh6 f5 21.Bd4 Bd8 22.Nf6+ Bxf6
23.Bxf6 Nc6 24.b3 Qf7 25.Be5 Nxe5 26.fxe5 Qa7+ 27.Rf2 Rac8 28.Rc1 Red8 29.Bf1 Be4
30.Qf4 Rd7 31.Bg2 Bxg2 32.Kxg2 Rcd8 33.c4 Rd4 34.Qg5 Qa8+ 35.Kh3 bxc4 36.bxc4 Rc8
37.Qe7 Qc6 38.Rb2 Rxc4 39.Rb7 Qxb7 40.Qxb7 Rxc1 41.Qxa6 R8c6 42.Qb7 Rc7 43.Qb8+ Rc8
44.Qb7 R1c7 45.Qa6 Kf7 46.Qd6 g5 47.a4 h6 48.Kg2 Rb7 49.Qd3 Rcc7 50.a5 Rb2+
51.Kf3 Rbc2  0-1

[Event "SVK-chT 9697"]
[Site "SVK"]
[Date "1997.??.??"]
[Round "5"]
[White "Komora, Andrej"]
[Black "Ciganikova, Andrea"]
[Result "1/2-1/2"]
[WhiteElo "2205"]
[BlackElo "2105"]

1.e4 c5 2.Nf3 e6 3.d4 cxd4 4.Nxd4 a6 5.Nc3 Qc7 6.a3 Nf6 7.Be3 Be7 8.Bd3 O-O
9.O-O b5 10.f4 d6 11.Qf3 Bb7 12.g4 Nfd7 13.f5 e5 14.Nde2 h6 15.Ng3 Qd8 16.Rad1 Nc6
17.Nd5 Bg5 18.f6 Bxf6 19.Nf5 Nd4 20.Bxd4 Bxd5 21.Be3 Be6 22.Nxd6 Qc7 23.Nf5 Bxf5
24.Qxf5 g6 25.Qf2 Bg7 26.c3 Rac8 27.Bb1 Nf6 28.h3 Qc6 29.Qf3 Ne8 30.Ba2 Nd6
31.Bd5 Qc7 32.b4 Rcd8 33.Bc5 Rd7 34.Rf2 Kh8 35.Rfd2 Rfd8 36.Qe3 Nc8 37.c4 bxc4
38.Bxc4 Rxd2 39.Rxd2 Rxd2 40.Qxd2 a5 41.Qd5 axb4 42.axb4 Kg8 43.Kg2 Bf8 44.Kf3 Bxc5
45.Qxc5 Qxc5 46.bxc5 Kf8 47.Ke3 Ke7 48.h4 g5 49.hxg5 hxg5 50.Bb3 f6 51.Kd3 Kd7
52.Kc4 Ne7 53.Ba4+ Kc7 54.Be8 Kd8 55.Bf7 Kc7  1/2-1/2

[Event "SVK-chT 9697"]
[Site "SVK"]
[Date "1997.??.??"]
[Round "7"]
[White "Kriz, Mario"]
[Black "Ciganikova, Andrea"]
[Result "1/2-1/2"]
[WhiteElo "2160"]
[BlackElo "2105"]

1.e4 c5 2.Nf3 e6 3.Nc3 a6 4.d4 cxd4 5.Nxd4 Qc7 6.g3 Nf6 7.Bg2 Be7 8.O-O O-O
9.Kh1 Nc6 10.f4 d6 11.Nb3 Rb8 12.g4 Re8 13.g5 Nd7 14.h4 Bf8 15.h5 b5 16.Ne2 Bb7
17.Be3 Rbc8 18.Ng3 b4 19.g6 fxg6 20.hxg6 h6 21.Rf2 Kh8 22.Nd4 Nxd4 23.Bxd4 Qd8
24.Kg1 Qh4 25.Rf3 d5 26.e5 Bc5 27.Ne2 Qg4 28.Qd3 Bxd4+ 29.Nxd4 Nc5 30.Qd2 a5
31.a3 Ne4 32.Qe3 Qxg6 33.axb4 axb4 34.Ra7 Qf7 35.Rf1 Ra8 36.Nb5 Qd7 37.Rxa8 Rxa8
38.Bxe4 Qxb5 39.Bd3 Qc6 40.f5 d4 41.Qg3 exf5 42.Rxf5 Qh1+ 43.Kf2 Be4 44.Rf7 Rg8
45.e6 Bxd3 46.cxd3 Qd5 47.Qg6 Qd6 48.Qf5 Qh2+ 49.Kf3 Qh1+ 50.Kf2 Qh2+ 51.Kf3 Qh1+
52.Kf2  1/2-1/2

[Event "SWZ-chT9697"]
[Site "SWZ"]
[Date "1997.??.??"]
[Round "?"]
[White "Renet, Olivier"]
[Black "Sulava, Nenad"]
[Result "0-1"]
[WhiteElo "2505"]
[BlackElo "2380"]

1.e4 c5 2.Nf3 e6 3.d4 cxd4 4.Nxd4 a6 5.Nc3 b5 6.Bd3 Qb6 7.Nb3 Qc7 8.O-O Bb7
9.f4 b4 10.Nb1 Nf6 11.Qe2 Be7 12.N1d2 O-O 13.e5 Nd5 14.Nc4 a5 15.Nbd2 f5
16.exf6 Nxf6 17.Nf3 Na6 18.Nce5 Nc5 19.Bc4 d6 20.Nd3 d5 21.Bb5 Nce4 22.Nde5 Bc5+
23.Kh1 Nh5 24.Qe1 Nxf4 25.Nd7 Rf5 26.Nxc5 Qxc5 27.Bd3 Raf8 28.Be3 Qc7 29.Bxe4 dxe4
30.Nd4 Nxg2 31.Rxf5 exf5 32.Kxg2 f4 33.Ne6 Qxc2+ 34.Kf1 fxe3+ 35.Nxf8 e2+
36.Kg2 e3+ 37.Kh3  0-1

[Event "SWZ-chT9697"]
[Site "SWZ"]
[Date "1997.??.??"]
[Round "?"]
[White "Kaufmann, Werner"]
[Black "Costa, Jean Luc"]
[Result "1-0"]
[WhiteElo "2320"]
[BlackElo "2395"]

1.e4 c5 2.Nf3 e6 3.Nc3 a6 4.d4 cxd4 5.Nxd4 Qc7 6.g3 Nf6 7.Bg2 Nc6 8.O-O Nxd4
9.Qxd4 Bc5 10.Bf4 d6 11.Qd3 h6 12.Na4 e5 13.Bd2 Ba7 14.Bb4 Ke7 15.c4 Be6
16.Rac1 Nd7 17.Nc3 Bd4 18.Nd5+ Bxd5 19.cxd5 Qb6 20.Ba3 Rac8 21.Rxc8 Rxc8
22.Bh3 Qb5 23.Qf3 Rc2 24.Qg4 g5 25.Qf5 Bc5 26.Bxc5 Nxc5 27.Bg4 Qxb2 28.Bh5 Rc1  1-0

[Event "SWZ-chT9697"]
[Site "SWZ"]
[Date "1997.??.??"]
[Round "?"]
[White "Moor, Roger"]
[Black "Gilles, Raphael"]
[Result "1/2-1/2"]
[WhiteElo "2245"]
[BlackElo "2270"]

1.e4 c5 2.Nf3 e6 3.d4 cxd4 4.Nxd4 a6 5.Nc3 Qc7 6.Bd3 Bd6 7.h3 Nf6 8.O-O Bf4
9.Qe2 Bxc1 10.Raxc1 d6 11.f4 Qc5 12.Qf2 Nbd7 13.Nf3 Qxf2+ 14.Rxf2 e5 15.fxe5 dxe5
16.Bc4 b5 17.Bd5 Ra7 18.a4 b4 19.Na2 a5 20.Rd1 Nxd5 21.exd5 f6 22.c3 b3 23.Nc1 Nc5
24.Nd2 Bd7 25.Re1 Nxa4 26.Ndxb3 Ke7 27.Nd3 Kd6 28.c4 Rc8 29.Nd2 Ke7 30.Rc1 Rb7
31.c5 Bb5 32.b3 Bxd3 33.bxa4 Rb4 34.Rf3 e4 35.Re3 Rxa4 36.Rc3 Kd7 37.g4 Rd4
38.d6 a4 39.Kf2 Ra8 40.Re1 a3 41.Ra1 a2 42.c6+ Kxd6 43.c7 Rc8 44.Rxa2 Bb5
45.Rac2 Ba4 46.Ke3 Rd3+ 47.Rxd3+ exd3 48.Rc3 Bc6 49.Nc4+ Kxc7 50.Na5 Re8+
51.Kxd3 Re6 52.Kd4 Kd7 53.Nxc6 Rxc6 54.Ra3 Rc7 55.Ke4 Ke6 56.Kf4 g5+ 57.Kg3 Kf7
58.h4 gxh4+ 59.Kxh4 Kg6 60.Ra5 Rc1 61.Kg3 Rg1+ 62.Kf4 Rc1 63.Rb5 Rc4+ 64.Kf3 h6
65.Ra5 Rd4 66.Rb5 Rd1 67.Ra5 Re1 68.Kf4 Re5 69.Ra8 Rb5 70.Ra4  1/2-1/2

[Event "EU-ch U16"]
[Site "Tallinn"]
[Date "1997.??.??"]
[Round "1"]
[White "Kundin, Alexander"]
[Black "Rigo, Zsolt"]
[Result "1-0"]
[WhiteElo "2305"]
[BlackElo "2115"]

1.e4 c5 2.Nf3 e6 3.d4 cxd4 4.Nxd4 a6 5.Nc3 Qc7 6.g3 Nf6 7.Bg2 Bb4 8.Ne2 Nc6
9.O-O Be7 10.h3 O-O 11.a4 d6 12.g4 Rb8 13.Ng3 b5 14.axb5 axb5 15.g5 Nd7 16.f4 b4
17.Nce2 Re8 18.Kh1 Bf8 19.b3 Bb7 20.Bb2 Ra8 21.Rxa8 Rxa8 22.h4 Ra2 23.Qb1 Ra5
24.c4 Nc5 25.Qc2 Ra2 26.Nc1 Ra8 27.h5 Rd8 28.h6 gxh6 29.Nh5 e5 30.Qf2 Qe7
31.Nf6+ Kh8 32.fxe5 dxe5 33.Qf5  1-0

[Event "EU-ch U16"]
[Site "Tallinn"]
[Date "1997.??.??"]
[Round "3"]
[White "Babaev, Rashad"]
[Black "Ginzburg, Mikhail"]
[Result "1-0"]
[WhiteElo "2320"]
[BlackElo "2145"]

1.e4 c5 2.Nf3 e6 3.d4 cxd4 4.Nxd4 a6 5.Nc3 Nc6 6.g3 Nf6 7.Bg2 Be7 8.O-O O-O
9.a4 Qc7 10.Be3 d6 11.Kh1 Ne5 12.f4 Nc4 13.Bc1 Rd8 14.b3 Na5 15.Qe1 Bd7 16.Bb2 Nc6
17.Nf3 Nb4 18.Rc1 Rac8 19.h3 Qb6 20.g4 Bc6 21.g5 Nh5 22.Nd2 e5 23.Nc4 Qc5
24.fxe5 dxe5 25.Rf5 Bd6 26.Ne2 Bd7 27.Bd4 Qc7 28.Bb6 Qb8 29.Rf1 Rf8 30.Qd2 Rc6
31.c3 Rxc4 32.bxc4 Nc6 33.c5 Bc7 34.Qxd7 Bxb6 35.cxb6 Rd8 36.Qc7  1-0

[Event "EU-ch U16"]
[Site "Tallinn"]
[Date "1997.??.??"]
[Round "5"]
[White "Khaetsky, Roman"]
[Black "Ginzburg, Mikhail"]
[Result "1-0"]
[WhiteElo "2220"]
[BlackElo "2145"]

1.e4 c5 2.Nf3 e6 3.d4 cxd4 4.Nxd4 a6 5.Nc3 Qc7 6.Be2 Nf6 7.O-O Nc6 8.Be3 b5
9.a3 Be7 10.f4 Bb7 11.Nb3 d6 12.Bf3 O-O 13.Qe2 Rac8 14.Qf2 Nd7 15.Rfd1 Na5
16.Nxa5 Qxa5 17.Kh1 Qc7 18.Rd2 Bc6 19.Rad1 Bb7 20.Bd4 Rfd8 21.Qg3 Bf8 22.h4 Nb6
23.b3 Nd7 24.Ne2 e5 25.Bb2 f6 26.h5 Nc5 27.Nc3 Kh8 28.Bg4 Rb8 29.Bf5 Qe7
30.Nd5 Bxd5 31.Rxd5 Qe8 32.Qg4 Qe7 33.Bc3 Qc7 34.Be1 Nd7 35.Bh4 Nb6 36.R5d2 Be7
37.Be6 Nd7 38.f5 h6 39.Bd5 Nf8 40.Qe2 Nh7 41.c4 Ng5 42.Rc2 Qa5 43.Be1 Qb6
44.Bf2 Qa5 45.b4 Qa4 46.Qd3 bxc4 47.Rxc4 Rdc8 48.Rdc1 Qd7 49.Rc6 a5 50.Qc4 Rxc6
51.Qxc6 Qxc6 52.Rxc6 axb4 53.axb4 Nh7 54.Rb6 Rc8 55.b5 Nf8 56.Rb7 Bd8 57.b6 Bxb6
58.Bxb6 Nh7 59.Bc7  1-0